000 00407nam a2200133Ia 4500
008 211122s9999||||xx |||||||||||||| ||und||
082 _a303.490 9
_bKAL-I
100 _aKalam, A P J Abdul/Y S Rajan
245 0 _aIndia 2020:A Vision For The New Millennium
260 _bPenguin Books
_aNew Delhi
630 _xPost Graduate Reference
650 _aEconomics
_vSOCIAL SCIENCESOCIAL PROCESSES
942 _cBOOK
999 _c127040
_d127040